00354 a2200133 4500001000700000003000400007005001700011008004100028082001800069100002300087245005900110260004100169300001000210131332OSt20210913095950.0  a621.367bB57T1 aBlahut, Richard E.1 aTheory of remote image formationcby Richard E. Blahut aUkbCambridge university pressc2004 a537p.